| 000 | 00558nam a22001817a 4500 | ||
|---|---|---|---|
| 003 | CEME | ||
| 005 | 20210628202103.0 | ||
| 008 | 210225b xxu||||| |||| 00| 0 eng d | ||
| 020 | _a0-85296-760-8 | ||
| 040 | _c. | ||
| 082 | _a621.3822 JAN | ||
| 100 |
_aJan, Jiri _958224 |
||
| 245 | _aDigital signal filtering, analysis and restoration | ||
| 260 |
_aLONDON _bTHE INSTITUTION OF ELECTRICAL ENGINEERS _c2001 |
||
| 300 | _aXIV,407P | ||
| 650 |
_aSIGNAL FILTERING, ANALYSIS AND RESTORATION DIGITAL SIGNAL ANALYSIS AND RESTORATION _958225 |
||
| 942 |
_cBK _2ddc |
||
| 999 |
_c568424 _d568424 |
||